All Boeing 757 Operators - Statistics

General Stats
  • This quiz has been taken 127 times
  • The average score is 7 of 31
Answer Stats
Hint Answer % Correct
126 Delta Air Lines
90%
61 United Airlines
88%
16 Icelandair
68%
116 FedEx
51%
24 DHL
44%
75 UPS
42%
6 Jet2
39%
9 Condor Airlines
34%
43 SF Airlines
27%
9 Azur Air
22%
10 YTO Cargo
20%
1 Azerbaijan Airlines
14%
18 Cargojet
12%
3 SwiftAir
12%
4 Air Transport International
10%
5 Asia Pacific Airlines
10%
5 Aviastar-TU
8%
1 MIAT Mongolian Airlines
8%
1 National Airlines
7%
4 New Pacific Airlines
7%
5 Skyline Express Airlines
7%
4 Sunday Airlines
7%
6 Amerijet International
5%
6 Blue Dart Aviation
5%
6 China Postal Airlines
5%
2 COMCO
5%
4 North-Western Cargo
5%
2 China Air Cargo
3%
5 Cygnus Air
3%
4 SCAT Airlines
3%
22 DHL (European Air Transport )
0%
No matching quizzes found
Score Distribution
Percent of People with Each Score
Percentile by Number Answered
Your Score History
You have not taken this quiz